000 00731nam a2200265Ia 4500
003 OSt
005 20220918214204.0
006 a|||||r|||| 00| 0
007 ta
008 220917b |||||||| |||| 00| 0 eng d
024 _a136,198
037 _cTextual
040 _aARTS
_cARTS
_beng
041 _2eng
_aeng
082 _aX97Dv3.N33<-M75, L7-;2
100 _aLovell John
_961495
245 0 _aBritish trade unions 1875-1933
260 _aLondon
_bMacmillan
_c1977
300 _a75p.
_ccm.
490 _aStudies in Economic and social History
500 _aBibliography p65-71
650 _aECONOMICS
942 _hX97Dv3.N33<-M75, L7-;2
_cTEXL
_2CC
999 _c259288
_d259288